| 000 | 00692nam a22002291 4500 | ||
|---|---|---|---|
| 001 | 2168500 | ||
| 003 | NUST - PNEC | ||
| 005 | 20170116181117.0 | ||
| 008 | 711124s1965 ilua b 000 0 eng | ||
| 010 | _a 65019551 | ||
| 040 |
_aDLC _cLIBRARY _dDLC |
||
| 050 | 0 | 0 |
_aTP1120 _b.S95 |
| 082 | 0 | 0 | _a668.4 SWA |
| 100 | 1 | _aSwanson, Robert Sterling. | |
| 245 | 1 | 0 |
_aPlastics technology; basic materials and processes _c[by] Robert S. Swanson. |
| 260 |
_aBloomington, Ill., _bMcKnight & McKnight Pub. Co. _c[1965] |
||
| 300 |
_a232 p. _billus. _c27 cm. |
||
| 504 | _aBibliography: p. 223-225. | ||
| 650 | 0 | _aPlastics. | |
| 906 |
_a7 _bcbc _corignew _du _eocip _f19 _gy-gencatlg |
||
| 942 |
_2ddc _cBK |
||
| 999 |
_c69372 _d69372 |
||